00169nam a2200073Ia 4500008004100000100002100041245001100062260002200073190216s9999||||xx |||||||||||||| ||und|| aKrishna Kumar Kk 0aFitter bKerala Basha Inst